The Ghana law reports1977 volume 1: cases determined by the high court and the court of Appeal of the republic of Ghana / (Record no. 4047)
[ view plain ]
| 000 -LEADER | |
|---|---|
| fixed length control field | 00822nam a22002297a 4500 |
| 003 - CONTROL NUMBER IDENTIFIER | |
| control field | OSt |
| 005 - DATE AND TIME OF LATEST TRANSACTION | |
| control field | 20230724125137.0 |
| 008 - FIXED-LENGTH DATA ELEMENTS--GENERAL INFORMATION | |
| fixed length control field | 140902b xxu||||| |||| 00| 0 eng d |
| 022 ## - INTERNATIONAL STANDARD SERIAL NUMBER | |
| International Standard Serial Number | 0072436X |
| 040 ## - CATALOGING SOURCE | |
| Transcribing agency | WIUC |
| 050 ## - LIBRARY OF CONGRESS CALL NUMBER | |
| Classification number | KRX19.A3.G34(1977 vol 1) |
| 245 ## - TITLE STATEMENT | |
| Title | The Ghana law reports1977 volume 1: cases determined by the high court and the court of Appeal of the republic of Ghana / |
| Statement of responsibility, etc. | edited by E. Kofi Tetteh and assisted by Janet Daniels and S.Y. Bimpong-Buta |
| 260 ## - PUBLICATION, DISTRIBUTION, ETC. | |
| Place of publication, distribution, etc. | Accra: |
| Name of publisher, distributor, etc. | Council for law reporting, |
| Date of publication, distribution, etc. | 1977. |
| 300 ## - PHYSICAL DESCRIPTION | |
| Extent | xxxiii, 520p. : |
| Dimensions | 25cm. |
| 440 ## - SERIES STATEMENT/ADDED ENTRY--TITLE | |
| Volume/sequential designation | Vol. 1 |
| 500 ## - GENERAL NOTE | |
| General note | Includes index. |
| 700 ## - ADDED ENTRY--PERSONAL NAME | |
| Personal name | Tetteh, E. Kofi. |
| 9 (RLIN) | 877 |
| 700 ## - ADDED ENTRY--PERSONAL NAME | |
| Personal name | Daniels, Janet. |
| 9 (RLIN) | 878 |
| 700 ## - ADDED ENTRY--PERSONAL NAME | |
| Personal name | Bimpong-Buta, S. Y. |
| 9 (RLIN) | 1005 |
| 800 ## - SERIES ADDED ENTRY--PERSONAL NAME | |
| Personal name | Tetteh, E. Kofi |
| -- | Daniels, Janet |
| -- | Bimpong-Buta, S.Y. |
| 9 (RLIN) | 2124 |
| 942 ## - ADDED ENTRY ELEMENTS (KOHA) | |
| Source of classification or shelving scheme | Library of Congress Classification |
| Koha item type | Books |
| Withdrawn status | Lost status | Source of classification or shelving scheme | Damaged status | Not for loan | Home library | Current library | Shelving location | Date acquired | Full call number | Barcode | Date last seen | Copy number | Price effective from | Koha item type | Total Checkouts |
|---|---|---|---|---|---|---|---|---|---|---|---|---|---|---|---|
| Library of Congress Classification | WISCONSIN INTERNATIONAL UNIVERSITY COLLEGE, GHANA - MAIN LIBRARY | WISCONSIN INTERNATIONAL UNIVERSITY COLLEGE, GHANA - MAIN LIBRARY | Law Library | 02/09/2014 | KRX19.A3.G34(1977 vol1) | 924/13 | 02/09/2014 | 1 | 02/09/2014 | Books | |||||
| Library of Congress Classification | WISCONSIN INTERNATIONAL UNIVERSITY COLLEGE, GHANA - MAIN LIBRARY | WISCONSIN INTERNATIONAL UNIVERSITY COLLEGE, GHANA - MAIN LIBRARY | Law Library | 02/09/2014 | KRX19.A3.G341(1977 vol 1) | 968/13 | 02/09/2014 | 2 | 02/09/2014 | Books | |||||
| Library of Congress Classification | WISCONSIN INTERNATIONAL UNIVERSITY COLLEGE, GHANA - MAIN LIBRARY | WISCONSIN INTERNATIONAL UNIVERSITY COLLEGE, GHANA - MAIN LIBRARY | Law Library | 24/07/2023 | KRX19.A3.G342(1977 vol.1) | 3190/350/23 | 24/07/2023 | 3 | 24/07/2023 | Books | |||||
| Library of Congress Classification | WISCONSIN INTERNATIONAL UNIVERSITY COLLEGE, GHANA - MAIN LIBRARY | WISCONSIN INTERNATIONAL UNIVERSITY COLLEGE, GHANA - MAIN LIBRARY | Law Library | 08/09/2023 | KRX19.A3 G343(1977 vol.1) | 3275/384/23 | 08/09/2023 | 4 | 08/09/2023 | Books |
